00317 a2200109 4500001000700000020000600007040001100013100003500024240007200059245006700131362000900198193210 a  cMagnum aBorges, Cecilia Maria Ferreira10aFormacao e pratica pedagogica do professor de educacao fisica:lpor10aFormacao e pratica pedagogica do professor de educacao fisica:0 a1899